000 00723nam a2200265 i 4500
001 C2-0246865
003 PPAK
005 20180727211532.0
008 030325s2001 enka|||| ||||| | eng d
020 _a0751313629
040 _aPPAK
_beng
_cPPAK
_erda
082 0 4 _a799.12
_223
090 0 0 _a799.12
_bBAI
_dRK
100 1 _aBailey, John,
_eauthor
245 1 0 _aAngling
264 1 _aLondon :
_bDorling Kindersley ,
_c2001
300 _a48 pages :
_bcolour illustrations ;
_c29 cm
336 _2rdacontent
_atext
337 _2rdamedia
_aunmediated
338 _2rdacarrier
_avolume
490 1 _aDorling Kindersley superguides
650 1 0 _aAngling
830 0 _aDorling Kindersley superguides
942 _ddc
_cB
999 _c60763
_d60763